Statistics for TOP RANKED UFC FIGHTERS OF 2023

Click here to take the quiz!

General Stats

  • This quiz has been taken 419 times
  • The average score is 28 of 40

Answer Stats

HintAnswer% Correct
27–1 (HW)Jon Jones
99%
24–1 (LW)Islam Makhachev
93%
26–2 (FW)Alexander Volkanovski
90%
24–2 (MW)Israel Adesanya
89%
8–2Alex Pereira
87%
20–3Kamaru Usman
86%
21–3 (WW)Leon Edwards
86%
34–9Charles Oliveira
85%
29–8Dustin Poirier
85%
16–1Sean O'Malley
84%
25–4Justin Gaethje
81%
29–3–1Jiří Procházka
79%
24–7Max Holloway
79%
11–2Ciryl Gane
78%
23–3 (BW)Aljamain Sterling
77%
13–3Tom Aspinall
77%
12–1 (LHW)Jamahal Hill
76%
12–0Khamzat Chimaev
75%
21–7–2Brandon Moreno
72%
17–3Colby Covington
72%
26–5 (FW)Alexandre Pantoja
71%
29–10–1Jan Błachowicz
70%
18–1Sergei Pavlovich
70%
20–4Stipe Miocic
70%
20–2Dricus du Plessis
68%
24–7Robert Whittaker
68%
15–4Yair Rodríguez
60%
21–3–1Deiveson Figueiredo
59%
15–3Brian Ortega
56%
16–3Henry Cejudo
56%
18–1–1Magomed Ankalaev
56%
23–3Belal Muhammad
54%
22–5–1Beneil Dariush
53%
16–4Merab Dvalishvili
53%
17-6Jared Cannonier
50%
19–7–1Marvin Vettori
49%
15–6Brandon Royval
47%
17–4Cory Sandhagen
45%
19–2Arnold Allen
42%
17–1Amir Albazi
29%

Score Distribution

Percentile by Number Answered

Percent of People with Each Score

Your Score History

You have not taken this quiz